Social change in modern Africa : (Record no. 33903)
[ view plain ]
| 000 -LEADER | |
|---|---|
| fixed length control field | 01150nam a2200277 a 4500 |
| 001 - CONTROL NUMBER | |
| control field | 33903 |
| 003 - CONTROL NUMBER IDENTIFIER | |
| rucl marc code | BD-RjUL |
| 005 - DATE AND TIME OF LATEST TRANSACTION | |
| control field | 20211209052058.0 |
| 008 - FIXED-LENGTH DATA ELEMENTS--GENERAL INFORMATION | |
| fixed length control field | 140512s1961 enk b 001 0 eng |
| 035 ## - SYSTEM CONTROL NUMBER | |
| System control number | 04-58 |
| System control number | (OCoLC)123575744 |
| -- | (BD-RjUL)33995 |
| 040 ## - CATALOGING SOURCE | |
| Original cataloging agency | NTN |
| Modifying agency | m.c |
| -- | OCL |
| -- | BD-RjUL |
| Language of cataloging | eng |
| Transcribing agency | UkOxU |
| 041 ## - LANGUAGE CODE | |
| Language code of text/sound track or separate title | eng |
| 082 ## - DEWEY DECIMAL CLASSIFICATION NUMBER | |
| Classification number | 301.24 |
| Author mark and year | SOC 1969 |
| 111 2# - MAIN ENTRY--MEETING NAME | |
| Meeting name or jurisdiction name as entry element | International African Seminar |
| Number of part/section/meeting | (1st : |
| Date of meeting | 1959 : |
| Location of meeting | Makerere College, Kampala, Uganda) |
| 9 (RLIN) | 103011 |
| 245 10 - TITLE STATEMENT | |
| Title | Social change in modern Africa : |
| Remainder of title | studies presented and discussed at the First International African Seminar, Makerere College, Kampala, January 1959 / |
| Statement of responsibility, etc. | edited by Aidan Southall ; foreword by Daryll Forde. |
| 260 ## - PUBLICATION, DISTRIBUTION, ETC. (IMPRINT) | |
| Place of publication, distribution, etc. | London : |
| Name of publisher, distributor, etc. | Published for the International African Institute by the Oxford University Press, |
| Date of publication, distribution, etc. | 1961 [Reprinted 1969]. |
| 300 ## - PHYSICAL DESCRIPTION | |
| Pagination | xi, 337 p. ; |
| Size | 23 cm. |
| 504 ## - BIBLIOGRAPHY, ETC. NOTE | |
| Bibliography, etc | Includes bibliographies and index. |
| 651 #0 - SUBJECT ADDED ENTRY--GEOGRAPHIC NAME | |
| Geographic name | Africa, Sub-Saharan |
| General subdivision | Social conditions |
| 9 (RLIN) | 7747 |
| 700 1# - ADDED ENTRY--PERSONAL NAME | |
| Personal name | Southall, Aidan, |
| Dates associated with a name | 1920-2009. |
| 710 2# - ADDED ENTRY--CORPORATE NAME | |
| Corporate name or jurisdiction name as entry element | International African Institute. |
| 9 (RLIN) | 14177 |
| 942 ## - ADDED ENTRY ELEMENTS (KOHA) | |
| Source of classification or shelving scheme | Dewey Decimal Classification |
| Koha item type | Books |
| Lost status | Source of classification or shelving scheme | Damaged status | Not for loan | Permanent Location | Current Location | Shelving location | Date acquired | Source of acquisition | Cost, normal purchase price | Total Checkouts | Full call number | Date last seen | Copy number | Koha item type |
|---|---|---|---|---|---|---|---|---|---|---|---|---|---|---|
| Dewey Decimal Classification | Not For Loan | Central Library, University of Rajshahi | Central Library, University of Rajshahi | Reading Room | 13/01/1975 | Jonathan | 1.25 | 301.24 SOC 1969 | 12/05/2014 | C-1 | Books |